The construction industry training levy (Record no. 67527)
[ view plain ]
| 000 -LEADER | |
|---|---|
| fixed length control field | 01272cam a2200241 4500 |
| 001 - CONTROL NUMBER | |
| control field | ABS64200 |
| 008 - FIXED-LENGTH DATA ELEMENTS--GENERAL INFORMATION | |
| fixed length control field | 000000n2001 000 0 eng u |
| 035 ## - SYSTEM CONTROL NUMBER | |
| System control number | (Sirsi) u113347 |
| 100 ## - MAIN ENTRY--PERSONAL NAME | |
| Personal name | Brewer, G. |
| 245 #4 - TITLE STATEMENT | |
| Title | The construction industry training levy |
| 260 ## - PUBLICATION, DISTRIBUTION, ETC. | |
| Date of publication, distribution, etc. | 2001 |
| 490 ## - SERIES STATEMENT | |
| Series statement | Contract Journal |
| Volume/sequential designation | 409(6332) 20 June 2001, 26(1) |
| 520 ## - SUMMARY, ETC. | |
| Summary, etc. | Examines the challenge to the right of the Construction Industry Training Board (CITB) to make a levy on employers in the construction industry under the Industrial Training Act 1982 s11 in "Buildstone Ltd v SoS Education and Employment". The application for judicial review was refused with the court dismissing B's contention that differential between the levies for PAYE employees and labour only sub-contractors was unlawful and discriminatory as the levy was not punitive but intended to provide fairness in the burden of training whilst s12 of the Act covered differential between employers of the two groups of workers. |
| 590 ## - LOCAL NOTE (RLIN) | |
| Local note | ABS |
| 650 ## - SUBJECT ADDED ENTRY--TOPICAL TERM | |
| Topical term or geographic name entry element | BUILDSTONE LTD V SOS EDUCATION AND EMPLOYMENT |
| 650 ## - SUBJECT ADDED ENTRY--TOPICAL TERM | |
| Topical term or geographic name entry element | CITB |
| 650 ## - SUBJECT ADDED ENTRY--TOPICAL TERM | |
| Topical term or geographic name entry element | CONSTRUCTION INDUSTRY |
| 650 ## - SUBJECT ADDED ENTRY--TOPICAL TERM | |
| Topical term or geographic name entry element | CONSTRUCTION INDUSTRY TRAINING BOARD |
| 650 ## - SUBJECT ADDED ENTRY--TOPICAL TERM | |
| Topical term or geographic name entry element | SUBCONTRACTORS |
| 650 ## - SUBJECT ADDED ENTRY--TOPICAL TERM | |
| Topical term or geographic name entry element | TRAINING LEVIES |
| 690 ## - LOCAL SUBJECT ADDED ENTRY--TOPICAL TERM (OCLC, RLIN) | |
| Topical term or geographic name as entry element | TAXATION |
| 942 ## - ADDED ENTRY ELEMENTS (KOHA) | |
| Suppress in OPAC | 0 |
| Withdrawn status | Lost status | Source of classification or shelving scheme | Damaged status | Not for loan | Home library | Current library | Shelving location | Date acquired | Total Checkouts | Full call number | Barcode | Date last seen | Copy number | Price effective from | Koha item type |
|---|---|---|---|---|---|---|---|---|---|---|---|---|---|---|---|
| Dewey Decimal Classification | London | London | Journal article | 28/06/2001 | ABS64200 | 113347-1001 | 06/08/2019 | 1 | 06/08/2019 | Journal article |